Cities that have been European Capitals of Culture on a map - Statistics

General Stats
  • This quiz has been taken 145 times
    100 since last reset
  • The average score is 44 of 65
Answers on the Map
Answers color-coded by a green-red scale on the quiz's map according to % correct below.
 
Answer Stats
Year Answer % Correct
1991 Dublin
96%
1994 Lisbon
96%
1992 Madrid
95%
2000 Helsinki
93%
1987 Amsterdam
92%
1990 Glasgow
92%
2001 Porto
92%
2018 Valletta
92%
1988 West Berlin
92%
1985 Athens
91%
2000 Brussels
91%
1989 Paris
91%
2014 Riga
91%
1998 Stockholm
91%
1996 Copenhagen
89%
2010 Istanbul
89%
2000 Reykjavik
89%
2009 Vilnius
89%
2005 Cork
87%
2008 Liverpool
87%
2011 Tallin
87%
2013 Marseille (and Provence)
85%
2001 Rotterdam
85%
1995 Luxembourg
84%
2007 Luxembourg
84%
2000 Prague
84%
1997 Thessaloniki
80%
1993 Antwerp
79%
2000 Bergen
79%
2004 Genoa
79%
2000 Kraków
79%
1986 Florence
77%
2004 Lille
72%
2017 Aarhus
68%
2002 Bruges
67%
2020 / 2021 Galway
67%
2003 Graz
67%
2022 Kaunas
65%
2000 Bologna
64%
2019 Plovdiv
63%
2011 Turku
60%
2009 Linz
59%
2013 Košice
57%
2022 Novi Sad
57%
2016 Wroclaw
53%
2012 Maribor
52%
2016 San Sebastián
52%
2010 Essen (representing the Rhur area)
49%
2015 Plzen
49%
2000 Avignon
47%
2010 Pécs
47%
2002 Salamanca
47%
2000 Santiago de Compostela
47%
2006 Patras
45%
2020 / 2021 Rijeka
44%
2008 Stavanger
44%
2014 Umeå
40%
2017 Paphos
37%
2022 Esch-sur-Alzette
31%
2018 Leeuwarden
29%
2015 Mons
28%
2007 Sibiu
25%
1999 Weimar
23%
2012 Guimarães
21%
2019 Matera
19%
No matching quizzes found
Score Distribution
Percent of People with Each Score
Percentile by Number Answered
Your Score History
You have not taken this quiz since the last reset